01882nam a2200385 a 450000100100000000500170001000800410002704000250006808200170009324502350011024600850034526000410043030000350047149000480050650400310055459000250058565000240061065000250063465000260065965000430068565000550072865000340078365000290081770000280084670000250087470000300089970000300092971000660095983000550102591000380108095201290111895201140124795201200136199900150148100000796320240520201957.0090914s1999 dr ac r 000 0 spa d aDO-SdBNPbspacBNPHU a634.9bS587e00aSilvicultura de especies maderables nativas de la República Dominicana :bexperiencias de enda-caribe en el Programa de Desarrollo Agroforestal /ctextos Mamerto Valerio, Franklin Reynoso, Ramón Díaz ; editor Víctor Ruiz,.13aExperiencias de enda-caribe en el Programa de Desarrollo Agroforestal (AGROSIL). aSanto Domingo :benda-caribe,c1999. a82 p. :bil., retrs. ;c21 cm.1 aExperiencias y técnicas agroforestalesv6 aBibliografía : p. 81-82. aInventriado, 2018/BT 4aSilvicultura921783 0aAforestación97850 0aReforestación98510 4aBosqueszRepública Dominicana921589 4aPolítica forestalzRepública Dominicana921775 4aElección de especies921784 4aPlantas leñosas9217851 aValerio, Mamerto9217861 aDíaz, Ramón95161 aReynoso, Franklin,9217871 aRuiz, Víctor,eed.95172 aMedio ambiente y desarrollo en el Caribe (enda-caribe)921788 0aExperiencias y técnicas agroforestalesn6921789 aValidado. Control de calidad. EMS 001054708DSaGRbGRcHDd2009-09-14iLF1l0o634.9 S587ep7963-30r2020-06-25te. 3w2020-06-25yLFDSZPréstamo en sala 0010718PDaPDbPDcHDd2009-09-14iLF1l0o634.9 S587ep7963-10r2020-06-25w2020-06-25yLFPDZNo se presta 0010718PDaPDbPDcHDd2009-09-14iLF1l0o634.9 S587ep7963-20r2020-06-25te. 2w2020-06-25yLFPDZNo se presta c7741d7741